Tazkirah Time / (Record no. 187301)

MARC details
000 -LEADER
fixed length control field 01154pam a2200349 i 4500
001 - CONTROL NUMBER
control field vtls000936177
003 - CONTROL NUMBER IDENTIFIER
control field PNM
005 - DATE AND TIME OF LATEST TRANSACTION
control field 20220131104553.0
008 - FIXED-LENGTH DATA ELEMENTS--GENERAL INFORMATION
fixed length control field 210814s2021 my ao e 000 0 may
015 ## - NATIONAL BIBLIOGRAPHY NUMBER
National bibliography number M21-06292
020 ## - INTERNATIONAL STANDARD BOOK NUMBER
International Standard Book Number 9555749700397
Qualifying information paperback
Terms of availability RM30.00
039 #9 - LEVEL OF BIBLIOGRAPHIC CONTROL AND CODING DETAIL [OBSOLETE]
Level of rules in bibliographic description 202108301338
Level of effort used to assign nonsubject heading access points rosliza
Level of effort used to assign subject headings 202108201006
Level of effort used to assign classification dayang
040 ## - CATALOGING SOURCE
Original cataloging agency BNM
Language of cataloging eng
Transcribing agency BNM
Description conventions rda
Modifying agency PPAK
049 ## - LOCAL HOLDINGS (OCLC)
Holding library mal
082 04 - DEWEY DECIMAL CLASSIFICATION NUMBER
Classification number 297.57
Edition number 23
090 00 - LOCALLY ASSIGNED LC-TYPE CALL NUMBER (OCLC); LOCAL CALL NUMBER (RLIN)
Classification number (OCLC) (R) ; Classification number, CALL (RLIN) (NR) 297.57
Feature heading ASM
Feature heading G
100 0# - MAIN ENTRY--PERSONAL NAME
Personal name Asma' Harun,
Titles and words associated with a name Ustazah,
Dates associated with a name 1983-
Relator term author.
245 10 - TITLE STATEMENT
Title Tazkirah Time /
Statement of responsibility, etc. USTAZAH ASMA' HARUN ; Editor Marzhatul Syima Md. Saad
264 #1 - PRODUCTION, PUBLICATION, DISTRIBUTION, MANUFACTURE, AND COPYRIGHT NOTICE
Place of production, publication, distribution, manufacture Kuala Lumpur :
Name of producer, publisher, distributor, manufacturer Galeri Ilmu Sdn Bhd,
Date of production, publication, distribution, manufacture, or copyright notice 2021
300 ## - PHYSICAL DESCRIPTION
Extent viii, 198 pages :
Other physical details colour illustrations, colour photographs ;
Dimensions 21 cm
336 ## - CONTENT TYPE
Content type term text
Source rdacontent
337 ## - MEDIA TYPE
Media type term unmediated
Source rdamedia
338 ## - CARRIER TYPE
Carrier type term volume
Source rdacarrier
500 ## - GENERAL NOTE
General note Contains verses from the Qur'an and verses from the Hadith
650 10 - SUBJECT ADDED ENTRY--TOPICAL TERM
Topical term or geographic name entry element Islam
General subdivision Customs and practices
Topical term or geographic name entry element Muslims
General subdivision Conduct of life
Topical term or geographic name entry element Religious life
General subdivision Islam
700 0# - ADDED ENTRY--PERSONAL NAME
Personal name Marzhatul Syima Md. Saad,
Relator term editor.
942 ## - ADDED ENTRY ELEMENTS (KOHA)
Source of classification or shelving scheme Dewey Decimal Classification
Koha item type Book
949 ## - LOCAL PROCESSING INFORMATION (OCLC)
6 2000795059
6 2000795060
Holdings
Withdrawn Not for loan Current library Shelving location Date acquired Total Checkouts Total Renewals Full call number Barcode Date last seen Date last checked out Koha item type
    Perpustakaan Alor Setar Pinjaman Dewasa 13/04/2022 3 2 297.57 ASM A01731584 13/02/2024 20/01/2024 Book
    Perpustakaan Awam Sungai Petani Pinjaman Dewasa 13/04/2022 3 1 297.57 ASM A01731585 26/11/2023 07/11/2023 Book
    Perpustakaan Baling Pinjaman Dewasa 13/04/2022 5 1 297.57 ASM A01731589 18/10/2025 09/08/2025 Book
    Perpustakaan Bandar Baharu Pinjaman Dewasa 13/04/2022     297.57 ASM A01731590 13/04/2022   Book
    Perpustakaan Jitra Pinjaman Dewasa 13/04/2022 2   297.57 ASM A01731586 25/04/2026 04/04/2026 Book
    Perpustakaan Kuala Nerang Pinjaman Dewasa 13/04/2022     297.57 ASM A01731594 13/04/2022   Book
    Perpustakaan Kulim Pinjaman Dewasa 13/04/2022 16 6 297.57 ASM A01731588 24/12/2025 06/12/2025 Book
    Perpustakaan Langkawi Pinjaman Dewasa 13/04/2022     297.57 ASM A01731587 13/04/2022   Book
    Perpustakaan Merbok Pinjaman Dewasa 13/04/2022 3   297.57 ASM A01731591 19/11/2023 29/10/2023 Book
    Perpustakaan Pendang Pinjaman Dewasa 13/04/2022     297.57 ASM A01731595 13/04/2022   Book
    Perpustakaan Sik Pinjaman Dewasa 13/04/2022     297.57 ASM A01731593 13/04/2022   Book
    Perpustakaan Yan Pinjaman Dewasa 13/04/2022     297.57 ASM A01731592 13/04/2022   Book
    PD02, Kg. Banggol Besi, Pendang Pinjaman Dewasa 13/04/2022     297.57 ASM A01731597 13/04/2022   Book
    T-PD26, Kg. Lubuk Batu, Jitra Pinjaman Dewasa 13/04/2022     297.57 ASM A01731596 13/04/2022   Book